| 000 | 00668nam a2200193 a 4500 | ||
|---|---|---|---|
| 001 | 1837 | ||
| 005 | 20140414132015.0 | ||
| 008 | 010418s19uu xx 00 eng d | ||
| 020 | _a0-394-83901-3 | ||
| 050 |
_aTR _bAS8 1978 |
||
| 100 | _aMoche, Dinah L. | ||
| 245 |
_aThe astronauts / _cby Dinah L. Moche. |
||
| 260 |
_aNew York : _bRandom House, _c1978. |
||
| 300 | _a1 v. p. ; cm. | ||
| 520 | _aDescribes various craft in space such as spaceship and space station and discusses activities of astronauts as they prepare for and travel in space. | ||
| 650 | _aAstronautics - Juvenile literature. | ||
| 650 | _aAstronauts - Juvenile literature. | ||
| 999 |
_c113356 _d113356 |
||